|
|
|
|
| LEADER |
00000nab a2200000uu 4500 |
| 001 |
vtls010878549 |
| 003 |
SK-MaSNL |
| 005 |
20260303180712.0 |
| 008 |
230629|2007 xo |||||||||||||||||eng| |
| 015 |
|
|
|a SNBRB
|
| 035 |
|
|
|a (urnnbn)urn:nbn:sk:snk:ar-005vaj
|
| 035 |
|
|
|a (uuid)c7b2c6ae-e33e-4db7-b07c-433f34b97469
|
| 035 |
|
|
|a urn:nbn:sk:snk-ab7mpn
|
| 040 |
|
|
|a SNKBUCL
|b slo
|c SNKBUCL
|e AACR2
|
| 041 |
0 |
|
|a eng
|
| 044 |
|
|
|a xo
|c SK
|
| 100 |
1 |
|
|a Peng, C. F.
|4 aut
|9 1206843
|
| 245 |
1 |
0 |
|a Evaluation and Interlaboratory Validation of a GC-MS Method for Analysis of Pesticide Residues in Teas
|c C. F. Peng, C. L. Xu, H. Kuang, X. Q. Li
|
| 700 |
1 |
|
|a Xu, C. L.
|4 aut
|9 1206844
|
| 700 |
1 |
|
|a Kuang, H.
|4 aut
|9 1206845
|
| 700 |
1 |
|
|a Li, X. Q.
|4 aut
|9 1206846
|
| 773 |
0 |
|
|t Chemical papers
|g Roč. 61, č. 1 (2007), s. 1-5
|
| 958 |
|
|
|a OND
|
| 958 |
|
|
|a EUIPO
|
| 958 |
|
|
|a article8
|
| 999 |
|
|
|c 2107413
|d 2109343
|